00854nam a2200241Ia 4500001000600000003000900006008004100015040001300056040001300069041001300082100001900095100002900114245009200143245006700235250001100302260001200313260001400325260004900339300005700388500012100445650001500566650003100581B4351IT-RoPAU130308s9999 xx 000 0 und d aIT-RoPAU cIT-RoPAU aITALIANO aBertrand Denis gCodice Aut. SPICS: 11744 aEnunciazione passionale (L'). Studio di un caso: le lettere della religiosa portoghese bSemiotica delle Passioni-Saggi di Analisi Semantica e Testuale a1a ed. aBOLOGNA bEsculapio c1991 [1° Ed.:1991 - Ed.Ling.Originale:1986] a"11 p. (prefazione: no ; testo: 11 [pagine: 51-61])" aSoggetto nelle Lettere: Due regimi di Iscrizione. Una Mise En Abime Attanziale. Figurativo e suo Uso Interpretativo. aSEMIOLOGIA eCodice materia Spics: 3251